000 01169nmc a2200421 a 4500
003 AR-BaBNM
005 20251128205709.0
008 308019s1995 ||||||||||||||000 | spa||
020 _a84-277-1143-3
040 _cAR-BaBNM
100 1 _aAcker, Sandra
245 1 0 _aGénero y educación
_breflexiones sociológicas sobre las mujeres, la enseñanza y el feminismo
260 _aMadrid
_bNarcea
_c1995
300 _a213 p.
490 0 _aMujeres
500 _aReferencias pp.197-209
504 _aBibliografía en español 211-213
650 4 _aEDUCACION
650 4 _aENSEÑANZA
650 4 _aFEMINISMO
650 4 _aSOCIOLOGIA DE LA EDUCACION
650 4 _aFAMILIA
650 4 _aDISCRIMINACION
650 4 _aEDUCACION DE LA MUJER
650 4 _aCIENCIAS DE LA EDUCACION
650 4 _aMAESTROS DE ESCUELA
650 4 _aDOCENTES
650 4 _aDESIGUALDAD SOCIAL
650 4 _aMARGINALIDAD SOCIAL
650 4 _aMUJERES
651 4 _aInglaterra
653 _aGENERO
653 _aMARGINACION EDUCATIVA
700 1 _aRodríguez Ortega, Jesús
_etraductor
700 1 _aDavid, Miriam E.
_eprologuista
942 _cBK
998 _carturo
999 _c12450
_d12450